00277cam a22001097a 4500008004000000082001200040100001400052245004600066260002200112300001000134650002300144180718b1957 xxu||||| |||| 00| 0 eng d aB2 Ah51 aAhmad, I. aFirst principles of politicscby I. Ahmad aAllahabadbc1957 a315p. aPolitical science.